The entrepreneur, an introduction to the world of business management, operation & financing of own business. (Record no. 7707)

MARC details
000 -LEADER
fixed length control field 00646nam a22002057i 4500
003 - CONTROL NUMBER IDENTIFIER
control field URS
020 ## - INTERNATIONAL STANDARD BOOK NUMBER
International Standard Book Number 9789719905899
050 ## - LIBRARY OF CONGRESS CALL NUMBER
Classification number HB615
Item number Sa2e 2015
100 1# - MAIN ENTRY--PERSONAL NAME
Personal name Saidali, Margarita R.
245 ## - TITLE STATEMENT
Title The entrepreneur, an introduction to the world of business management, operation & financing of own business.
264 #1 - PRODUCTION, PUBLICATION, DISTRIBUTION, MANUFACTURE, AND COPYRIGHT NOTICE
Place of production, publication, distribution, manufacture Manila
Name of producer, publisher, distributor, manufacturer Mindshapers Company,Inc.
Date of production, publication, distribution, manufacture, or copyright notice 2015.
300 ## - PHYSICAL DESCRIPTION
Extent vi, 111 pages
Other physical details illustrations
Dimensions 23cm
336 ## - CONTENT TYPE
Content type term text
Content type code txt
Source rdacontent
337 ## - MEDIA TYPE
Media type term unmediated
Media type code n
Source rdamedia
338 ## - CARRIER TYPE
Carrier type term volume
Carrier type code nc
Source rdacarrier
500 ## - GENERAL NOTE
General note Includes bibliography
650 #0 - SUBJECT ADDED ENTRY--TOPICAL TERM
Topical term or geographic name entry element Entrepreneurshipages
700 1# - ADDED ENTRY--PERSONAL NAME
Personal name Manalad, Cynthia
942 ## - ADDED ENTRY ELEMENTS (KOHA)
Koha item type Filipiniana
Holdings
Withdrawn status Source of classification or shelving scheme Damaged status Not for loan Collection code Home library Current library Shelving location Date acquired Source of acquisition Total Checkouts Full call number Barcode Date last seen Copy number Price effective from Koha item type
  Library of Congress Classification     Non-fiction Pililla College Library Pililla College Library General Stacks 02/17/2016 purchased   658.8 Sa2e 2015 URSPIL-4819 07/24/2018 1 02/17/2016 Filipiniana
  Library of Congress Classification     Non-fiction Pililla College Library Pililla College Library General Stacks 02/17/2016 purchased   658.8 Sa2e 2015 URSPIL-4820 07/24/2018 2 02/17/2016 Filipiniana
  Library of Congress Classification     Non-fiction Pililla College Library Pililla College Library General Stacks 02/17/2016 purchased   658.8 Sa2e 2015 URSPIL-4821 07/24/2018 3 02/17/2016 Filipiniana
  Library of Congress Classification     Non-fiction Pililla College Library Pililla College Library General Stacks 02/17/2016 purchased   658.8 Sa2e 2015 URSPIL-4822 07/24/2018 4 02/17/2016 Filipiniana
  Library of Congress Classification     Reference Pililla College Library Pililla College Library General Stacks 06/10/2017     658.8 Sa2e 2015 URSPIL-4823 07/24/2018 5 06/10/2017 Filipiniana

University of Rizal System
Email us at univlibservices@urs.edu.ph

Visit our Website www.urs.edu.ph/library